Lawyers, Families, and Businesses The Shaping of a Bay Street Law Firm, Faskens 1863–1963 /

Detalles Bibliográficos
Autor principal: Kyer, C . Ian
Formato: eBook
Lenguaje:inglés
Publicado: Toronto: Irwin Law Inc., 2013
Materias:
Acceso en línea:Acceso restringido

MARC

LEADER 00000nam a22000007a 4500
005 20210811225518.0
007 cr|||| ||||
008 210811s2013 ca |||||s|||| 00||0 eng d
020 |a 9781552213261 
035 |a 34913 
040 |a vLex 
090 |c 11994  |d 11994 
100 1 |a Kyer, C . Ian 
245 1 0 |a Lawyers, Families, and Businesses  |h [Recurso electrn̤ico] :  |b The Shaping of a Bay Street Law Firm, Faskens 1863–1963 /  |c C . Ian Kyer 
256 |a Servicio en ln̕ea 
260 |a Toronto:  |b Irwin Law Inc.,  |c 2013 
300 |a 1 recurso electrn̤ico 
506 1 |a Disponible solo en los productos indicados  |d vLex Global  |d vLex Global (Academic Edition, excluding Law Schools)  |d vLex Global (U.S. Academic Edition, Law Schools)  |d vLex Global (U.S. Academic Edition, excluding Law Schools)  |d vLex Global (Academic Edition, Law Schools) 
650 0 4 |a Derecho Civil  |z Canad̀ 
740 0 |a vLex Libros (Servicio en ln̕ea) 
856 4 0 |u https://app.vlex.com/#/sources/34913  |z Acceso restringido 
942 |c BOOK 
999 0 |a Civil Law